000 00723nam a2200229Ii 4500
003 JO-AjNU
008 230605s9999||||xx |||||||||||||| ||und||
017 _a2004/10/2527
040 _aJO-AjNU
_bara
_erda
_cJO-AjNU
041 _aara
050 1 4 _aPJ7808.S7.Q27 2004
100 3 _aتأليف أبو صبيح، جميل,
_eauthor
_948786
245 0 0 _aقصيدة الجمر
250 _aط2
264 3 1 _aعمان:وزارة الثقافة،2004
300 _a78ص
336 _atext
_btxt
_2rdacontent
337 _aunmediated
_bn
_2rdamedia
338 _avolume
_bnc
_2rdacarrier
490 0 _aسلسلة كتاب الشهر
650 4 _aالشعر العربي - العصر الحديث - الأردن
_948787
999 _aA21388
_c24956
_d24956